Logisztikai folyamatok bemutatása a Ventura Manufacturing Kft.-nél

Bibliográfiai részletek
Szerző: Párizs Réka
További közreműködők: Bányai Dr. Kornél
Dokumentumtípus: Projektmunka
Kulcsszavak:ábrák
gyártási folyamat
költségek
logisztika
szállítás
Online Access:http://dolgozattar.uni-bge.hu/59998

MARC

LEADER 00000nnm a2200000 i 4500
001 dolg59998
005 20260409145842.0
008 260409suuuu hu o 000 hun d
040 |a BGE Dolgozattár Repozitórium  |b hun 
041 |a hu 
100 1 |a Párizs Réka 
245 1 0 |a Logisztikai folyamatok bemutatása a Ventura Manufacturing Kft.-nél  |c Párizs Réka  |h [elektronikus dokumentum] 
516 |a Project_work 
520 3 |a A szakdolgozat a Ventura Manufacturing Kft. logisztikai folyamatait elemzi, különös figyelmet fordítva az exportálás és importálás részfolyamataira, valamint a gyártott bútorok megrendeléstől a kiszállításig tartó teljes logisztikai láncára. A dolgozat bemutatja a szállítási módok vállalaton belüli megoszlását, a szállítási folyamatok sajátosságait, a logisztikai költségek felépítését és azok hatását a vállalat gazdálkodására. Kitér a teljesítménymutatók (KPI-k) alkalmazására, és elemzi, milyen módon járulhatnak hozzá a logisztikai hatékonyság növeléséhez. A kutatás célja a meglévő folyamatok feltérképezése, értékelése, valamint fejlesztési lehetőségek azonosítása a versenyképesség erősítése érdekében. 
695 |a ábrák 
695 |a gyártási folyamat 
695 |a költségek 
695 |a logisztika 
695 |a szállítás 
700 1 |a Bányai Dr. Kornél  |e ths 
856 4 0 |u http://dolgozattar.uni-bge.hu/59998/1/PROJEKTMUNKA%20Logisztikai%20folyamatok%20PDF.pdf  |z Dokumentum-elérés 
856 4 0 |u http://dolgozattar.uni-bge.hu/59998/2/P%C3%A1rizs_R%C3%A9ka_FOSZK_b%C3%ADr%C3%A1lat.pdf  |z Dokumentum-elérés